One Cleveland Cavaliers Player By Season - Statistics

General Stats
  • This quiz has been taken 331 times
    157 since last reset
  • The average score is 31 of 55
Answer Stats
Season Players Full List % Correct
2024-25 Donovan Mitchell | Darius Garland | Evan Mobley | Jarrett Allen | Max Strus | De'Andre Hunter | Caris LeVert | Dean Wade | Georges Niang | Ty Jerome | Sam Merrill | Isaac Okoro | Nae'Qwan Tomlin | Chuma Okeke | Craig Porter Jr. | Jaylon Tyson | Javonte Green | Tristan Thompson | Emoni Bates | Luke Travers | JT Thor
99%
2023-24 Donovan Mitchell | Darius Garland | Max Strus | Jarrett Allen | Evan Mobley | Caris LeVert | Isaac Okoro | Georges Niang | Dean Wade | Sam Merrill | Marcus Morris | Craig Porter Jr. | Tristan Thompson | Emoni Bates | Ty Jerome | Isaiah Mobley | Damian Jones | Pete Nance
99%
2022-23 Donovan Mitchell | Darius Garland | Evan Mobley | Jarrett Allen | Caris LeVert | Dean Wade | Cedi Osman | Lamar Stevens | Kevin Love | Isaac Okoro | Raul Neto | Robin Lopez | Mamadi Diakite | Isaiah Mobley | Ricky Rubio | Danny Green | Sam Merrill | Dylan Windler
99%
2021-22 Darius Garland | Evan Mobley | Jarrett Allen | Caris LeVert | Lauri Markkanen | Isaac Okoro | Collin Sexton | Ricky Rubio | Cedi Osman | Kevin Love | Rajon Rondo | Dean Wade | Brandon Goodwin | Justin Anderson | Lamar Stevens | Denzel Valentine | Dylan Windler | Malik Newman | Luke Kornet | Ed Davis | Kevin Pangos | RJ Nembhard Jr. | Tre Scott | Tacko Fall | Moses Brown | Tim Frazier
98%
2020-21 Collin Sexton | Darius Garland | Isaac Okoro | Larry Nance Jr. | Jarrett Allen | Andre Drummond | Cedi Osman | Kevin Love | Taurean Prince | Yogi Ferrell | Damyean Dotson | Dante Exum | Dean Wade | Isaiah Hartenstein | Matthew Dellavedova | Dylan Windler | JaVale McGee | Quinn Cook | Brodric Thomas | Lamar Stevens | Mfiondu Kabengele | Thon Maker | Jeremiah Martin | Anderson Varejão | Marques Bolden
98%
2019-20 Collin Sexton | Kevin Love | Darius Garland | Tristan Thompson | Cedi Osman | Andre Drummond | Larry Nance Jr. | Kevin Porter Jr. | Jordan Clarkson | Dante Exum | Brandon Knight | Alfonzo McKinnie | Matthew Dellavedova | John Henson | Ante Žižić | Dean Wade | Matt Mooney | Malik Newman | Tyler Cook | Marques Bolden | J.P. Macura
98%
2017-18 LeBron James | J.R. Smith | Kevin Love | George Hill | Isaiah Thomas | Jae Crowder | Rodney Hood | Jeff Green | Dwyane Wade | Jordan Clarkson | Kyle Korver | Larry Nance Jr. | Tristan Thompson | Iman Shumpert | Derrick Rose | José Calderón | Kendrick Perkins | Channing Frye | Cedi Osman | John Holland | Ante Žižić | London Perrantes
98%
2016-17 LeBron James | Kyrie Irving | Kevin Love | Tristan Thompson | J.R. Smith | Iman Shumpert | Kyle Korver | Edy Tavares | Richard Jefferson | Deron Williams | Channing Frye | Derrick Williams | Mike Dunleavy | DeAndre Liggins | Dahntay Jones | Jordan McRae | Chris Andersen | Kay Felder | James Jones | Larry Sanders | Andrew Bogut
98%
2015-16 LeBron James | Kyrie Irving | Kevin Love | Dahntay Jones | J.R. Smith | Mo Williams | Tristan Thompson | Matthew Dellavedova | Channing Frye | Timofey Mozgov | Iman Shumpert | Richard Jefferson | Jordan McRae | James Jones | Anderson Varejão | Jared Cunningham | Sasha Kaun | Joe Harris
98%
2014-15 Kyrie Irving | LeBron James | Kevin Love | J.R. Smith | Tristan Thompson | Timofey Mozgov | Anderson Varejão | Iman Shumpert | Dion Waiters | Matthew Dellavedova | Shawn Marion | Mike Miller | James Jones | Kendrick Perkins | Joe Harris | Will Cherry | A.J. Price | Lou Amundson | Brendan Haywood | Alex Kirk
97%
2018-19 Cedi Osman | Collin Sexton | Alec Burks | Tristan Thompson | Rodney Hood | Jordan Clarkson | Kevin Love | Larry Nance Jr. | George Hill | Brandon Knight | J.R. Smith | Matthew Dellavedova | Cameron Payne | David Nwaba | Sam Dekker | Ante Žižić | Patrick McCaw | Jaron Blossomgame | Kyle Korver | Marquese Chriss | Andrew Harrison | Nik Stauskas | Jalen Jones | Deng Adel | Channing Frye | Kobi Simmons | John Holland
94%
2013-14 Kyrie Irving | Luol Deng | Tristan Thompson | Spencer Hawes | Dion Waiters | Jarrett Jack | Anderson Varejão | Andrew Bynum | C.J. Miles | Matthew Dellavedova | Alonzo Gee | Earl Clark | Tyler Zeller | Anthony Bennett | Seth Curry | Henry Sims | Sergey Karasev | Shane Edwards | Carrick Felix | Scotty Hopson | Arinze Onuaku
92%
2012-13 Kyrie Irving | Anderson Varejão | Tristan Thompson | Alonzo Gee | Dion Waiters | Tyler Zeller | Wayne Ellington | Shaun Livingston | C.J. Miles | Daniel Gibson | Marreese Speights | Jeremy Pargo | Luke Walton | Donald Sloan | Omri Casspi | Chris Quinn | Samardo Samuels | Kevin Jones | Jon Leuer
90%
2011-12 Kyrie Irving | Antawn Jamison | Anderson Varejão | D.J. Kennedy | Alonzo Gee | Daniel Gibson | Anthony Parker | Ramon Sessions | Donald Sloan | Lester Hudson | Tristan Thompson | Omri Casspi | Mychel Thompson | Manny Harris | Samardo Samuels | Ryan Hollins | Luke Walton | Christian Eyenga | Semih Erden | Luke Harangody | Ben Uzoh
89%
2009-10 LeBron James | Mo Williams | Antawn Jamison | Anderson Varejão | Anthony Parker | Delonte West | Shaquille O'Neal | J.J. Hickson | Zydrunas Ilgauskas | Sebastian Telfair | Daniel Gibson | Jamario Moon | Jawad Williams | Leon Powe | Danny Green | Darnell Jackson | Cedric Jackson | Coby Karl
88%
2008-09 LeBron James | Mo Williams | Delonte West | Anderson Varejão | Zydrunas Ilgauskas | Daniel Gibson | Ben Wallace | Wally Szczerbiak | Joe Smith | Sasha Pavlović | J.J. Hickson | Darnell Jackson | Lorenzen Wright | Tarence Kinsey | Trey Johnson | Jawad Williams
88%
2007-08 LeBron James | Delonte West | Drew Gooden | Daniel Gibson | Zydrunas Ilgauskas | Larry Hughes | Anderson Varejão | Ben Wallace | Sasha Pavlović | Devin Brown | Wally Szczerbiak | Joe Smith | Damon Jones | Ira Newble | Shannon Brown | Donyell Marshall | Eric Snow | Cedric Simmons | Dwayne Jones | Billy Thomas | Demetris Nichols | Lance Allred | Kaniel Dickens
88%
2006-07 LeBron James | Larry Hughes | Drew Gooden | Zydrunas Ilgauskas | Anderson Varejão | Eric Snow | Sasha Pavlović | Damon Jones | Donyell Marshall | Daniel Gibson | David Wesley | Shannon Brown | Ira Newble | Dwayne Jones | Scot Pollard
88%
2005-06 LeBron James | Ronald Murray | Larry Hughes | Zydrunas Ilgauskas | Eric Snow | Drew Gooden | Donyell Marshall | Damon Jones | Anderson Varejão | Sasha Pavlović | Alan Henderson | Ira Newble | Stephen Graham | Luke Jackson | Mike Wilks | Zendon Hamilton | Martynas Andriuškevičius
88%
2004-05 LeBron James | Jeff McInnis | Zydrunas Ilgauskas | Drew Gooden | Ira Newble | Eric Snow | Robert Traylor | Anderson Varejão | Lucious Harris | Sasha Pavlović | Jiří Welsch | Dajuan Wagner | Scott Williams | DeSagana Diop | Jérôme Moïso | Luke Jackson
87%
2003-04 LeBron James | Ricky Davis | Jeff McInnis | Carlos Boozer | Zydrunas Ilgauskas | Eric Williams | Darius Miles | Mateen Cleaves | Ira Newble | Tony Battie | Lee Nailon | Chris Mihm | Kevin Ollie | Kedrick Brown | Dajuan Wagner | DeSagana Diop | J.R. Bremer | Jason Kapono | Michael Stewart | Bruno Šundov | Jelani McCoy
87%
2002-03 Ricky Davis | Zydrunas Ilgauskas | Darius Miles | Dajuan Wagner | Jumaine Jones | Tyrone Hill | Carlos Boozer | Milt Palacio | Bimbo Coles | Smush Parker | Chris Mihm | DeSagana Diop | Tierre Brown | Michael Stewart
66%
2001-02 Andre Miller | Wesley Person | Lamond Murray | Tyrone Hill | Jumaine Jones | Ricky Davis | Chris Mihm | Zydrunas Ilgauskas | Brian Skinner | Michael Doleac | Bimbo Coles | Bryant Stith | Trajan Langdon | Jeff Trepagnier | DeSagana Diop
64%
2000-01 Andre Miller | Clarence Weatherspoon | Jim Jackson | Matt Harpring | Lamond Murray | Zydrunas Ilgauskas | Chris Gatling | Wesley Person | Chris Mihm | Cedric Henderson | Robert Traylor | Trajan Langdon | Bimbo Coles | Brevin Knight | Chucky Brown | Anthony Johnson | Michael Hawkins | J.R. Reid | Etdrick Bohannon | Larry Robinson
63%
2010-11 Antawn Jamison | Anderson Varejão | Mo Williams | Anthony Parker | J.J. Hickson | Daniel Gibson | Ramon Sessions | Baron Davis | Alonzo Gee | Christian Eyenga | Jamario Moon | Luke Harangody | Samardo Samuels | Manny Harris | Ryan Hollins | Semih Erden | Joey Graham | Jawad Williams | Leon Powe
62%
1987-88 Brad Daugherty | Larry Nance | Mark Price | Ron Harper | Hot Rod Williams | Mark West | Craig Ehlo | Tyrone Corbin | Phil Hubbard | Kevin Johnson | Dell Curry | Mike Sanders | Chris Dudley | Johnny Rogers | Kent Benson | Kevin Henderson | Kannard Johnson
56%
1992-93 Brad Daugherty | Larry Nance | Mark Price | Craig Ehlo | Hot Rod Williams | Gerald Wilkins | Mike Sanders | Terrell Brandon | Danny Ferry | John Battle | Steve Kerr | Jerome Lane | Jay Guidinger | Bobby Phills
55%
1991-92 Brad Daugherty | Larry Nance | Craig Ehlo | Hot Rod Williams | Mark Price | Mike Sanders | John Battle | Terrell Brandon | Steve Kerr | Winston Bennett | Danny Ferry | John Morton | Henry James | Jimmy Oliver | Chucky Brown | Bobby Phills
55%
1990-91 Brad Daugherty | Larry Nance | Mark Price | Craig Ehlo | Hot Rod Williams | Darnell Valentine | Danny Ferry | Chucky Brown | John Morton | Gerald Paddio | Steve Kerr | Henry James | Winston Bennett | Mike Woodson | Derrick Chievous | Miloš Babić
55%
1989-90 Ron Harper | Mark Price | Craig Ehlo | Brad Daugherty | Hot Rod Williams | Larry Nance | Steve Kerr | Randolph Keys | Chris Dudley | Winston Bennett | Chucky Brown | Reggie Williams | Tree Rollins | Paul Mokeski | John Morton | Derrick Chievous | Gary Voce
55%
1988-89 Mark Price | Brad Daugherty | Ron Harper | Larry Nance | Hot Rod Williams | Mike Sanders | Craig Ehlo | Darnell Valentine | Tree Rollins | Chris Dudley | Randolph Keys | Phil Hubbard
55%
1986-87 Ron Harper | Hot Rod Williams | Brad Daugherty | Phil Hubbard | John Bagley | Craig Ehlo | Mark Price | Mark West | Tyrone Corbin | Keith Lee | Melvin Turpin | Ben Poquette | Scooter McCray | Dirk Minniefield | Johnny Newman
55%
1993-94 Brad Daugherty | Hot Rod Williams | Gerald Wilkins | Mark Price | Larry Nance | Chris Mills | Tyrone Hill | Bobby Phills | Terrell Brandon | John Battle | Rod Higgins | Danny Ferry | Tim Kempton | Gerald Madkins | Gary Alexander | Sedric Toney | Jay Guidinger
54%
1994-95 Hot Rod Williams | Chris Mills | Tyrone Hill | Bobby Phills | Terrell Brandon | Mark Price | Michael Cage | Danny Ferry | Tony Campbell | Steve Colter | Fred Roberts | John Battle | Greg Dreiling | Elmer Bennett | Gerald Madkins
52%
1976-77 Jim Cleamons | Jim Brewer | Campy Russell | Austin Carr | Jim Chones | Bingo Smith | Dick Snyder | Nate Thurmond | Foots Walker | Elmore Smith | Gary Brokaw | John Lambert | Rowland Garrett | Mo Howard | Chuckie Williams
26%
1972-73 Lenny Wilkens | Austin Carr | John Johnson | Rick Roberson | Dwight Davis | Cornell Warner | Jim Cleamons | Barry Clemens | Bingo Smith | Charlie Davis | Dave Sorenson | Steve Patterson | Walt Wesley | Bob Rule | John Warren
26%
1985-86 Roy Hinson | World B. Free | John Bagley | Melvin Turpin | Phil Hubbard | Keith Lee | Eddie Johnson | Edgar Jones | Ben Poquette | Mark West | Johnny Davis | Lonnie Shelton | Dirk Minniefield | Ron Brewer | Ben McDonald | Ron Anderson | Ennis Whatley
25%
1971-72 John Johnson | Butch Beard | Austin Carr | Rick Roberson | Bingo Smith | Walt Wesley | Charlie Davis | Dave Sorenson | John Warren | Bobby Washington | Steve Patterson | Greg Howard | Luther Rackley | Jackie Ridgle
25%
1978-79 Campy Russell | Jim Chones | Austin Carr | Foots Walker | Jim Brewer | Butch Lee | Walt Frazier | Bingo Smith | Terry Furlow | Mike Mitchell | Kenny Higgs | John Lambert | Elmore Smith | Harry Davis
24%
1977-78 Jim Chones | Campy Russell | Walt Frazier | Foots Walker | Austin Carr | Elmore Smith | Jim Brewer | Bingo Smith | Terry Furlow | John Lambert | Dick Snyder | Eddie Jordan
24%
1997-98 Wesley Person | Shawn Kemp | Brevin Knight | Cedric Henderson | Zydrunas Ilgauskas | Derek Anderson | Bob Sura | Vitaly Potapenko | Danny Ferry | Mitchell Butler | Carl Thomas | Greg Graham | Scott Brooks | Tony Dumas | Henry James | Shawnelle Scott
23%
1984-85 World B. Free | Roy Hinson | John Bagley | Phil Hubbard | Johnny Davis | Melvin Turpin | Jeff Cook | Lonnie Shelton | Paul Thompson | Ben Poquette | Edgar Jones | Michael Wilson | Ron Anderson | Mark West | Geoff Huston | Kevin Williams | Campy Russell | Robert Smith | Butch Graves
23%
1979-80 Mike Mitchell | Dave Robisch | Randy Smith | Campy Russell | Foots Walker | Kenny Carr | Austin Carr | Don Ford | Bill Willoughby | John Lambert | Willie Smith | Bingo Smith | Walt Frazier | Butch Lee | Earl Tatum
23%
1975-76 Jim Brewer | Jim Cleamons | Jim Chones | Bingo Smith | Dick Snyder | Campy Russell | Austin Carr | Nate Thurmond | Butch Beard | Foots Walker | Steve Patterson | John Lambert | Rowland Garrett | Luke Witte | Eric Fernsten
23%
1973-74 Austin Carr | Lenny Wilkens | Dwight Davis | Bingo Smith | Steve Patterson | Jim Brewer | Bob Rule | Jim Cleamons | Barry Clemens | Luke Witte | John Warren | Fred Foster | Cornell Warner
23%
1998-99 Shawn Kemp | Zydrunas Ilgauskas | Brevin Knight | Cedric Henderson | Wesley Person | Vitaly Potapenko | Derek Anderson | Andrew DeClercq | Danny Ferry | Johnny Newman | Corie Blount | Bob Sura | Mitchell Butler | Ryan Stack | Earl Boykins | Antonio Lang | Litterial Green
22%
1974-75 Jim Cleamons | Jim Chones | Bingo Smith | Dick Snyder | Austin Carr | Dwight Davis | Jim Brewer | Steve Patterson | Fred Foster | Foots Walker | Campy Russell | Luke Witte
22%
1999-00 Lamond Murray | Shawn Kemp | Bob Sura | Brevin Knight | Wesley Person | Andre Miller | Mark Bryant | Andrew DeClercq | Danny Ferry | Cedric Henderson | Trajan Langdon | Earl Boykins | Ryan Stack | A.J. Bramlett | Donny Marshall | Lari Ketner | Kornél Dávid | Pete Chilcutt | Mark Hendrickson | Benoit Benjamin
20%
1995-96 Chris Mills | Bobby Phills | Terrell Brandon | Danny Ferry | Michael Cage | Dan Majerle | Tyrone Hill | Bob Sura | John Amaechi | John Crotty | Antonio Lang | Joe Courtney | Harold Miner | Donny Marshall | Darryl Johnson
20%
1981-82 Ron Brewer | Mike Mitchell | James Edwards | Kenny Carr | Cliff Robinson | Geoff Huston | Scott Wedman | Bob Wilkerson | Reggie Johnson | Phil Hubbard | James Silas | Roger Phegley | Bill Laimbeer | Brad Branson | Lowes Moore | Richard Washington | Paul Mokeski | Kevin Restani | Don Ford | Mike Evans | Keith Herron | Mel Bennett | Mickey Dillard
20%
1980-81 Mike Mitchell | Dave Robisch | Mike Bratz | Kenny Carr | Bill Laimbeer | Roger Phegley | Randy Smith | Richard Washington | Geoff Huston | Robert Smith | Don Ford | Bill Robinzine | Chad Kinch | Kim Hughes | Walter Jordan | Mack Calvin | Jerome Whitehead | John Lambert
20%
1970-71 John Johnson | John Warren | McCoy McLemore | Bingo Smith | Walt Wesley | Dave Sorenson | Bobby Lewis | Luther Rackley | Bobby Washington | Johnny Egan | Len Chappell | Larry Mikan | Joe Cooke | Cliff Anderson | Gary Suiter | Gary Freeman
17%
1996-97 Chris Mills | Terrell Brandon | Tyrone Hill | Bobby Phills | Danny Ferry | Bob Sura | Vitaly Potapenko | Mark West | Antonio Lang | Donny Marshall | Reggie Geary | Carl Thomas | Shawnelle Scott
12%
1983-84 Cliff Robinson | World B. Free | Lonnie Shelton | Geoff Huston | Jeff Cook | Roy Hinson | John Bagley | Phil Hubbard | Paul Thompson | Ben Poquette | Stewart Granger | John Garris | Geoff Crompton
12%
1982-83 Scott Wedman | World B. Free | Geoff Huston | Cliff Robinson | Ron Brewer | Jeff Cook | James Edwards | Phil Hubbard | Paul Mokeski | Bob Wilkerson | Sam Lacey | Larry Kenon | Carl Nicks | Steve Hayes | John Bagley | Bruce Flowers | Darren Tillis | Dave Magley
11%
No matching quizzes found
Score Distribution
Percent of People with Each Score
Percentile by Number Answered
Your Score History
You have not taken this quiz since the last reset